Fr. Conceicao Rodrigues College of Engineering

Developing Software with UML (Record no. 30839)

MARC details
000 -LEADER
fixed length control field 00312nam a2200145Ia 4500
082 ## - DEWEY DECIMAL CLASSIFICATION NUMBER
Classification number 005.133'UML
Item number BOO
100 ## - MAIN ENTRY--PERSONAL NAME
Personal name Oestereich/ Bernd
245 ## - TITLE STATEMENT
Title Developing Software with UML
260 ## - PUBLICATION, DISTRIBUTION, ETC.
Name of publisher, distributor, etc. Addison Wesly
Date of publication, distribution, etc. 1999
300 ## - PHYSICAL DESCRIPTION
Extent 321
546 ## - LANGUAGE NOTE
Language note ENGLISH
654 ## - SUBJECT ADDED ENTRY--FACETED TOPICAL TERMS
Focus term computer
942 ## - ADDED ENTRY ELEMENTS (KOHA)
Koha item type BOOK
Holdings
Withdrawn status Lost status Damaged status Not for loan Collection Home library Current library Date acquired Total Checkouts Full call number Barcode Date last seen Price effective from Koha item type
        CRC Fr. Agnel's C.Rodrigues College of Engineering Fr. Agnel's C.Rodrigues College of Engineering 17/03/2023   005.133'UML BOO 11332 17/03/2023 17/03/2023 BOOK